|
|
|
|
| LEADER |
00848nam a22002417a 4500 |
| 001 |
31549 |
| 003 |
BD-DhAAL |
| 005 |
20170119123346.0 |
| 008 |
170119s2016 bg ||||| |||| 00| 0 eng d |
| 020 |
|
|
|a 9789849067160
|
| 040 |
|
|
|a BD-DhAAL
|c BD-DhAAL
|
| 082 |
|
|
|2 23
|a 345.5492002632
|
| 100 |
|
|
|a Halim, Md. Abdul
|9 20918
|
| 245 |
|
|
|a The laws on the penal code in Bangladesh /
|c Md. Abdul Halim
|
| 260 |
|
|
|a Dhaka :
|b CCB Foundation,
|c 2016
|
| 300 |
|
|
|a 254 pages :
|c 22 cm
|
| 526 |
|
|
|a AAL
|
| 541 |
|
|
|e 31549
|
| 650 |
|
|
|a Criminal law
|z Bangladesh
|9 20919
|
| 852 |
|
|
|a Ayesha Abed Library
|c General Stacks
|
| 942 |
|
|
|2 ddc
|c BK
|
| 999 |
|
|
|c 37932
|d 37932
|
| 952 |
|
|
|0 0
|1 0
|2 ddc
|4 0
|6 345_549200263200000_HAL
|7 0
|9 59945
|a BRACUL
|b BRACUL
|c GEN
|d 2017-01-19
|e Complimentary
|l 13
|m 93
|o 345.5492002632 HAL
|p 3010031549
|q 2026-05-14
|r 2026-02-23
|s 2026-02-23
|t 1
|w 2017-01-19
|y BK
|